01228nam a2200289Ia 4500001001100000003000800011006001900019007001500038008004100053010001700094020001500111040002100126035002000147050002200167100003700189245010700226250002100333260004800354300004500402500012800447533015200575650001300727650002700740655002900767710001700796856012500813ebr5003700CaPaEBRm u cr cn|||||||||810918r20011901mauacf s 000 0 eng d z 01025410  z1582184437 aCaPaEBRcCaPaEBR a(OCoLC)7781660914aF4.6b.D73 2001eb1 aDrake, Samuel Adams,d1833-1905.10aNew England legends and folk lore in prose and poetryh[electronic resource] /cby Samuel Adams Drake. aNew and rev. ed. aScituate, Mass. :bDigital Scanning,c2001. axvi, 477 p. :bincl. ill., plates, port. aOriginally published: A book of New England legends and folk lore in prose and poetry. Boston, Little, Brown and Co., 1901. aElectronic reproduction.bPalo Alto, Calif. :cebrary,d2013.nAvailable via World Wide Web.nAccess may be limited to ebrary affiliated libraries. 0aLegends. 0aFolklorezNew England. 7aElectronic books.2local2 aebrary, Inc.40uhttp://site.ebrary.com/lib/rucke/Doc?id=5003700zAn electronic book accessible through the World Wide Web; click to view